Loading...
| Beliefs | 14 | 15.71 | 86% | 43% | 29% |
| Current Events | 5 | 14.00 | 100% | 40% | 0% |
| Fine Arts - Auditory Fine Arts | 7 | 27.14 | 100% | 86% | 86% |
| Fine Arts - Visual Fine Arts | 7 | 24.29 | 100% | 71% | 71% |
| Geography | 2 | 10.00 | 100% | 0% | 0% |
| History - American History | 6 | 11.67 | 67% | 17% | 33% |
| History - European History | 4 | 17.50 | 75% | 75% | 25% |
| History - World History | 6 | 11.67 | 67% | 50% | 0% |
| Literature - American Literature | 9 | 27.78 | 89% | 100% | 89% |
| Literature - British Literature | 8 | 23.75 | 88% | 88% | 63% |
| Literature - European Literature | 6 | 26.67 | 100% | 83% | 83% |
| Literature - World Literature | 1 | 20.00 | 100% | 0% | 100% |
| Other Academic | 2 | 5.00 | 50% | 0% | 0% |
| Other Arts: Auditory | 3 | 16.67 | 100% | 67% | 0% |
| Other Arts: Visual | 4 | 15.00 | 100% | 50% | 0% |
| Other Science: Astronomy | 1 | 20.00 | 100% | 100% | 0% |
| Other Science: Earth Science | 2 | 15.00 | 100% | 50% | 0% |
| Other Science: Math | 3 | 23.33 | 100% | 100% | 33% |
| Philosophy | 6 | 13.33 | 100% | 33% | 0% |
| Science - Biology | 7 | 15.71 | 100% | 57% | 0% |
| Science - Chemistry | 6 | 20.00 | 83% | 100% | 17% |
| Science - Physics | 9 | 17.78 | 100% | 56% | 22% |
| Social Science | 5 | 16.00 | 100% | 40% | 20% |
| 10 | 18.00 | 80% | 70% | 30% |